000 nam a22 7a 4500
999 _c8499
_d8499
008 180117b ||||| |||| 00| 0 eng d
100 _94892
_aCBSE
245 _aMATHEMATICS-10 SAMPLE PAPER T-II
260 _aNEW DELHI
_bOSWAAL BOOK
_c2014